| 000 | 01395cab a2200349 4500 | ||
|---|---|---|---|
| 001 | ABS59185 | ||
| 008 | 090401t1998 xxu||||| |||| 00| 0 eng d | ||
| 035 | _a(Sirsi) u88312 | ||
| 041 | _aeng | ||
| 100 | _aPawlowski, M. | ||
| 245 | _aBusiness occupation under Part II - an update | ||
| 260 | _c1998 | ||
| 350 | _a0 | ||
| 490 |
_aRent Review & Lease Renewal _v18(3) 1998, 239-246(7) |
||
| 520 | _aOutlines the CA decision in "Bassairi Ltd v Camden LBC" and considers whether the decision may have implications for tenants whose business involves the letting out of substantial parts of the holding. Discusses both residential and commercial sublettings, looking at relevant case law. | ||
| 650 | _aBASSAIRI LTD V CAMDEN LBC | ||
| 650 | _aCOMMERCIAL SUBLETTINGS | ||
| 650 | _aESSO PETROLEUM CO LTD V FUMEGRANGE LTD | ||
| 650 | _aEXCLUSIVE POSSESSION | ||
| 650 | _aGRAYSIM HOLDINGS LTD V P&O PROPERTY HOLDINGS LTD | ||
| 650 | _aHUNTS REFUSE DISPOSAL LTD V NORFOLK ENVIRONMENTAL WASTE SERVICES LTD | ||
| 650 | _aLANDLORD AND TENANT ACT 1954 S23 | ||
| 650 | _aLEE-VERHULST (INVESTMENTS) LTD V HARWOOD TRUST | ||
| 650 | _aLICENCES | ||
| 650 | _aRESIDENTIAL SUBLETTINGS | ||
| 650 | _aSERVICES | ||
| 650 | _aSTREET V MOUNTFORD | ||
| 650 | _aVENUS INVESTMENTS LTD V STOCKTOP LTD | ||
| 690 | _aLANDLORD AND TENANT-BUSINESS TENANCIES | ||
| 942 | _n0 | ||
| 948 | _c04/09/1998 | ||
| 999 |
_c55781 _d55781 |
||